Deepwater horizon (Record no. 168063)

MARC details
000 -LEADER
fixed length control field 00851ngm a2200181 i 4500
001 - CONTROL NUMBER
control field C2-0343729
003 - CONTROL NUMBER IDENTIFIER
control field PPAK
005 - DATE AND TIME OF LATEST TRANSACTION
control field 20180727222810.0
008 - FIXED-LENGTH DATA ELEMENTS--GENERAL INFORMATION
fixed length control field 171119s2017 cau|||| ||||| | vleng d
040 ## - CATALOGING SOURCE
Original cataloging agency PPAK
Language of cataloging eng
Transcribing agency PPAK
Description conventions rda
245 10 - TITLE STATEMENT
Title Deepwater horizon
264 #1 - PRODUCTION, PUBLICATION, DISTRIBUTION, MANUFACTURE, AND COPYRIGHT NOTICE
Place of production, publication, distribution, manufacture California ; Kuala Lumpur :
Name of producer, publisher, distributor, manufacturer Participant Media Di Bonaventura Pictures/Summit Entertainment; Golden Satellite Distribution Sdn. Bhd. (Malaysia Distributor) ,
Date of production, publication, distribution, manufacture, or copyright notice 2017
500 ## - GENERAL NOTE
General note Summary : For the one hundred and twenty-six people aboard the Deepwater Horizon offshore oil rig, April 20, 2010, began like any normal day. Before day's end, the world would bear witness to one of the greatest man-made disasters in U.S. h
700 ## - ADDED ENTRY--PERSONAL NAME
Relator term author
Personal name Berg, Peter,
Relator term compile
Personal name Parker, Colby ; Parker, Colby ; Fleming, Gabriel,
Relator term editor
942 ## - ADDED ENTRY ELEMENTS (KOHA)
Source of classification or shelving scheme Dewey Decimal Classification
Koha item type Digital Video Disc
Holdings
Withdrawn status Lost status Source of classification or shelving scheme Damaged status Not for loan Current library Shelving location Date acquired Source of acquisition Total Checkouts Full call number Barcode Date last seen Date last checked out Cost, replacement price Koha item type
    Dewey Decimal Classification     Perpustakaan Alor Setar Pinjaman Dewasa 29/11/2017 GI 1 791.4372 SAN A01547675 28/03/2019 04/03/2019 24.90 Digital Video Disc